NBA ALL Star 2024 - Statistiques

Statistiques générales
  • Ce quiz a été pris 770 fois
  • Le résultat moyen est 24 sur 26
Statistiques - réponses
Hint Réponse % Correct
F Lebron James
99%
F Jayson Tatum
98%
G Stephen Curry
98%
F Kevin Durant
97%
G Luka Doncic
97%
C Nikola Jokic
97%
C Anthony Davis
96%
G Devin Booker
95%
F Anthony Edwards
93%
G Trae Young
93%
C Joel Embiid
92%
G Shai Gilgeous-Alexander
92%
G Tyrese Haliburton
92%
G Jaylen Brown
91%
F Kawhi Leonard
91%
G Damian Lillard
90%
F Donovan Mitchell
90%
F Giannis Antetokounmpo
90%
C Bam Adebayo
89%
G Jalen Brunson
89%
F Karl-Anthony Towns
89%
F Paul George
88%
F Paolo Banchero
86%
G Tyrese Maxey
85%
F Julius Randle
73%
F Scottie Barnes
67%
Aucun quiz correspondant
Distribution des résultats
% des personnes avec chaque résultat
Percentile par nombre de réponses
Votre historique - résultats
Vous n’avez pas pris ce quiz